00470nam a2200133Ia 4500003000900000008004100009040003300050041000800083080001100091245014800102260004500250300001700295650002400312LK-CoDNM010623t1742 xxu||||| |||| 00| 1 eng d aLK-CoDNMdLK-CoDNMeLK-CoDNM aeng a10 Z 1 aA Complete Collection of State-Trials and Proceedings upon high-Treason : And other Crimes and Misdemeanours from the Reighn of King Richard II bJohn Walthoesen and othersaLondonc1742 b780p., 35 cm aAlphabetical Tables